[Event "Oberliga Bayern 1213"]
[Site "Bayern"]
[Date "2012.11.25"]
[Round "3.6"]
[White "Gmeiner, Peter"]
[Black "Ter Akopyan, Bagrat"]
[Result "1-0"]
[WhiteElo "2099"]
[BlackElo "2007"]
[PlyCount "57"]
[EventDate "2012.10.14"]
[EventType "team-tourn"]
[EventRounds "9"]
[EventCountry "GER"]
[SourceTitle "EXT 2015"]
[Source "ChessBase"]
[SourceDate "2014.11.20"]
[SourceVersion "1"]
[SourceVersionDate "2014.11.20"]
[SourceQuality "1"]
[WhiteTeam "Obernau"]
[BlackTeam "Puschendorf"]
[WhiteTeamCountry "GER"]
[BlackTeamCountry "GER"]

1. e4 g6 2. d4 Bg7 3. Nc3 d6 4. g3 Nc6 5. d5 Nb8 6. Bg2 c5 7. a4 Nf6 8. h3 0-0 9. Nge2 Na6 10. 0-0 Nc7 11. Be3 Bd7 12. Qd2 b5 13. axb5 Nxb5 14. Bh6 Bxh6 15. Qxh6 Qb6 16. Na4 Qb7 17. e5 Ne8 18. Nxc5 dxc5 19. d6 Bc6 20. Bxc6 Qxc6 21. dxe7 Ng7 22. exf8Q+ Rxf8 23. c3 Nf5 24. Qd2 Nc7 25. Nf4 c4 26. Rfe1 Ng7 27. Rxa7 g5 28. Rxc7 Qxc7 29. Nd5 1-0

[Event "Oberliga Ost-B 0607"]
[Site "Germany"]
[Date "2006.11.18"]
[Round "2.7"]
[White "Gmeiner, Peter"]
[Black "Schlamp, Robert"]
[Result "0-1"]
[WhiteElo "2217"]
[BlackElo "2321"]
[PlyCount "46"]
[EventDate "2006.10.15"]
[EventType "team-tourn"]
[EventRounds "11"]
[EventCountry "GER"]
[SourceTitle "EXT 2008"]
[Source "ChessBase"]
[SourceDate "2007.11.25"]
[SourceVersion "1"]
[SourceVersionDate "2007.11.25"]
[SourceQuality "1"]
[WhiteTeam "Offenbach"]
[BlackTeam "Oberursel"]
[WhiteTeamCountry "GER"]
[BlackTeamCountry "GER"]

1. d4 Nf6 2. Nf3 g6 3. c4 Bg7 4. Nc3 d5 5. Bg5 Ne4 6. Bh4 Nxc3 7. bxc3 dxc4 8. e3 b5 9. a4 c6 10. Be2 a6 11. Nd2 0-0 12. 0-0 Bb7 13. f4 Nd7 14. Bf3 Nb6 15. axb5 axb5 16. Ne4 Nd5 17. Qd2 b4 18. cxb4 Nxe3 19. Rxa8 Bxa8 20. Re1 Nf5 21. Bf2 Nxd4 22. Qd1 Nxf3+ 23. Qxf3 c5 0-1

[Event "Oberliga Ost-B 0506"]
[Site "Germany"]
[Date "2006.02.19"]
[Round "8.5"]
[White "Gmeiner, Peter"]
[Black "Weise, Martin"]
[Result "0-1"]
[WhiteElo "2234"]
[BlackElo "2175"]
[PlyCount "112"]
[EventDate "2005.11.13"]
[EventType "team-tourn"]
[EventRounds "11"]
[EventCountry "GER"]
[SourceTitle "EXT 2007"]
[Source "ChessBase"]
[SourceDate "2006.11.23"]
[SourceVersion "1"]
[SourceVersionDate "2006.11.23"]
[SourceQuality "1"]
[WhiteTeam "Offenbach"]
[BlackTeam "Hungen Lich"]
[WhiteTeamCountry "GER"]
[BlackTeamCountry "GER"]

1. Nf3 Nf6 2. c4 Nc6 3. d4 e6 4. Nc3 Bb4 5. Bg5 h6 6. Bh4 g5 7. Bg3 Ne4 8. Qd3 Bxc3+ 9. bxc3 Nxg3 10. hxg3 Qf6 11. e4 d6 12. Qe3 Bd7 13. Rb1 b6 14. e5 dxe5 15. dxe5 Qg7 16. g4 0-0-0 17. c5 Kb7 18. g3 h5 19. gxh5 g4 20. h6 Qg6 21. Nd2 Ne7 22. cxb6 axb6 23. Bd3 f5 24. exf6 Qxf6 25. Ne4 Qf8 26. Nc5+ Ka7 27. Nxd7 Rxd7 28. Be4 Nd5 29. Bxd5 exd5 30. Kf1 Rf7 31. Rd1 Rf3 32. Qd4 Rxh6 33. Rxh6 Qxh6 34. Qxg4 Rxc3 35. Kg2 Qc6 36. Rd4 Rc4 37. Qd1 Rxd4 38. Qxd4 Qd7 39. g4 c5 40. Qf4 d4 41. Qf5 Qd6 42. Qf7+ Ka6 43. a4 Qc6+ 44. Qf3 Qxa4 45. Qa8+ Kb5 46. Qxa4+ Kxa4 47. g5 d3 48. Kf3 Kb3 49. Ke3 Kc3 50. g6 d2 51. g7 d1Q 52. g8Q Qd4+ 53. Ke2 Qc4+ 54. Qxc4+ Kxc4 55. Ke3 Kd5 56. f4 b5 0-1

[Event "Oberliga Ost-B 0405"]
[Site "Germany"]
[Date "2005.01.30"]
[Round "8.6"]
[White "Gmeiner, Peter"]
[Black "Taudte, Stefan"]
[Result "1-0"]
[WhiteElo "2211"]
[BlackElo "2090"]
[PlyCount "121"]
[EventDate "2004.10.10"]
[EventType "team-tourn"]
[EventRounds "11"]
[EventCountry "GER"]
[SourceTitle "EXT 2006"]
[Source "ChessBase"]
[SourceDate "2005.11.24"]
[SourceVersion "1"]
[SourceVersionDate "2005.11.24"]
[SourceQuality "1"]
[WhiteTeam "Offenbach"]
[BlackTeam "Erfurt Empor"]
[WhiteTeamCountry "GER"]
[BlackTeamCountry "GER"]

1. e4 e6 2. d3 d5 3. Nd2 c5 4. Ngf3 Nc6 5. g3 Bd6 6. Bg2 Nge7 7. 0-0 d4 8. Nc4 Bc7 9. a4 e5 10. Ne1 h6 11. f4 exf4 12. gxf4 g5 13. Qh5 Ng6 14. e5 Nxf4 15. Bxf4 gxf4 16. Rxf4 Be6 17. Nf3 Qe7 18. Bh3 0-0-0 19. Rxf7 Qxf7 20. Qxf7 Bxh3 21. Kh1 Rhf8 22. Qh5 Be6 23. Ncd2 Nxe5 24. Nxe5 Rf5 25. Qe2 Rxe5 26. Ne4 Kb8 27. Rg1 Rf8 28. Rf1 Re8 29. Re1 Ba5 30. Rf1 Bd5 31. Rf4 Bc7 32. Qf3 Bd6 33. Kg1 Rg5+ 34. Rg4 Rxg4+ 35. Qxg4 Rg8 36. Qxg8+ Bxg8 37. Nxd6 Be6 38. Kf2 Kc7 39. Ne4 Kc6 40. Kg3 a6 41. Kf4 Ba2 42. Nd2 Kb6 43. Kf5 Bf7 44. Ke5 Ka5 45. Kd6 b6 46. Kc7 Bg8 47. Ne4 Bd5 48. Nd6 b5 49. axb5 axb5 50. Nf5 Ba2 51. Kd6 Kb4 52. Ne7 c4 53. Nc6+ Ka4 54. dxc4 bxc4 55. Nxd4 Kb4 56. c3+ Ka5 57. Kc5 Ka6 58. Nc6 Kb7 59. Na5+ Kc7 60. Nxc4 Kd7 61. b4 1-0

[Event "Oberliga Ost-B 0405"]
[Site "Germany"]
[Date "2005.01.16"]
[Round "7.7"]
[White "Krahe, Frank"]
[Black "Gmeiner, Peter"]
[Result "0-1"]
[WhiteElo "2188"]
[BlackElo "2211"]
[PlyCount "64"]
[EventDate "2004.10.10"]
[EventType "team-tourn"]
[EventRounds "11"]
[EventCountry "GER"]
[SourceTitle "EXT 2006"]
[Source "ChessBase"]
[SourceDate "2005.11.24"]
[SourceVersion "1"]
[SourceVersionDate "2005.11.24"]
[SourceQuality "1"]
[WhiteTeam "Wiesbaden Dotzheim"]
[BlackTeam "Offenbach"]
[WhiteTeamCountry "GER"]
[BlackTeamCountry "GER"]

1. e4 c5 2. d4 cxd4 3. c3 g6 4. cxd4 d5 5. exd5 Nf6 6. Bb5+ Nbd7 7. Nc3 Bg7 8. d6 0-0 9. dxe7 Qxe7+ 10. Nge2 a6 11. Bd3 b5 12. a3 Bb7 13. 0-0 Nb6 14. Bg5 Rad8 15. Qc1 Rfe8 16. Qf4 Qe6 17. Qh4 Rc8 18. Rad1 Nc4 19. Bc1 Qd6 20. Qg3 Qe7 21. Nf4 b4 22. Na4 bxa3 23. bxa3 Ne4 24. Bxe4 Bxe4 25. Nc5 Bc2 26. Nd5 Qd8 27. Ne3 Bxd1 28. Nxc4 Be2 29. Nd6 Bxf1 30. Kxf1 Bxd4 31. Bg5 Rxc5 32. Nxe8 Qxe8 0-1

[Event "Oberliga Ost-B 0203"]
[Site "Germany"]
[Date "2003.02.09"]
[Round "7.7"]
[White "Gmeiner, Peter"]
[Black "Schlamp, Robert"]
[Result "0-1"]
[WhiteElo "2214"]
[BlackElo "2317"]
[PlyCount "50"]
[EventDate "2002.10.20"]
[EventType "team"]
[EventRounds "11"]
[EventCountry "GER"]
[SourceTitle "EXT 2004"]
[Source "ChessBase"]
[SourceDate "2003.11.25"]
[SourceVersion "1"]
[SourceVersionDate "2003.11.25"]
[SourceQuality "1"]
[WhiteTeam "Offenbach"]
[BlackTeam "Oberursel"]
[WhiteTeamCountry "GER"]
[BlackTeamCountry "GER"]

1. Nf3 c5 2. e4 Nc6 3. Nc3 d6 4. d4 cxd4 5. Nxd4 Nf6 6. Bc4 e6 7. Be3 Be7 8. Qe2 a6 9. 0-0-0 Qc7 10. Bb3 Na5 11. g4 Nxb3+ 12. axb3 b5 13. g5 Nd7 14. Nf5 b4 15. Nxg7+ Kf8 16. Bd4 Ne5 17. Qh5 Rg8 18. Ne2 Rxg7 19. f4 Bb7 20. Ng3 Rc8 21. Rd2 Kg8 22. fxe5 Bxg5 23. Kb1 Bxd2 24. exd6 Qxc2+ 25. Ka1 Rg5 0-1

[Event "Oberliga Ost-B 0102"]
[Site "Germany"]
[Date "2002.02.02"]
[Round "6.7"]
[White "Gmeiner, Peter"]
[Black "Traudes, Wolfgang"]
[Result "0-1"]
[WhiteElo "2190"]
[BlackElo "2234"]
[PlyCount "66"]
[EventDate "2001.10.07"]
[EventType "team"]
[EventRounds "11"]
[EventCountry "GER"]
[SourceTitle "EXT 2003"]
[Source "ChessBase"]
[SourceDate "2002.11.25"]
[SourceVersion "1"]
[SourceVersionDate "2002.11.25"]
[SourceQuality "1"]
[WhiteTeam "Offenbach"]
[BlackTeam "Frankfurt"]
[WhiteTeamCountry "GER"]
[BlackTeamCountry "GER"]

1. e4 Nf6 2. Nc3 e5 3. Nf3 d6 4. d4 Nbd7 5. Bc4 Be7 6. 0-0 0-0 7. Re1 c6 8. a4 b6 9. Bg5 a6 10. Bb3 Rb8 11. Qd2 b5 12. axb5 axb5 13. Nd1 c5 14. dxe5 Nxe5 15. Nxe5 dxe5 16. Qxd8 Rxd8 17. Bxf6 Bxf6 18. Bd5 Bg5 19. Ne3 Be6 20. Red1 Kf8 21. Ra7 Rb6 22. Rc7 c4 23. Ra1 Rd7 24. Rc8+ Ke7 25. Bc6 Bxe3 26. fxe3 Rd2 27. Re8+ Kf6 28. Rf1+ Kg6 29. Bd5 Rxc2 30. Bxe6 Rxe6 31. Rf8 Rf6 32. Rf5 Rxb2 33. Rc8 Rxf5 0-1

[Event "Oberliga Ost-B 0102"]
[Site "Germany"]
[Date "2002.01.20"]
[Round "5.7"]
[White "Gmeiner, Peter"]
[Black "Eckhardt, Thorsten"]
[Result "1/2-1/2"]
[WhiteElo "2190"]
[BlackElo "2222"]
[PlyCount "23"]
[EventDate "2001.10.07"]
[EventType "team"]
[EventRounds "11"]
[EventCountry "GER"]
[SourceTitle "EXT 2003"]
[Source "ChessBase"]
[SourceDate "2002.11.25"]
[SourceVersion "1"]
[SourceVersionDate "2002.11.25"]
[SourceQuality "1"]
[WhiteTeam "Offenbach"]
[BlackTeam "Wetzlar"]
[WhiteTeamCountry "GER"]
[BlackTeamCountry "GER"]

1. d4 Nf6 2. Nf3 g6 3. c4 Bg7 4. g3 0-0 5. Bg2 d6 6. 0-0 Nbd7 7. Nc3 e5 8. e4 c6 9. h3 Re8 10. Re1 Qb6 11. d5 cxd5 12. cxd5 1/2-1/2

[Event "IECG CM.2001.0.00145"]
[Site "IECG email"]
[Date "2001.06.14"]
[Round "?"]
[White "Gmeiner, Peter"]
[Black "Muller, Henry"]
[Result "0-1"]
[WhiteElo "2210"]
[BlackElo "2077"]
[PlyCount "32"]
[EventDate "2001.06.14"]
[EventType "tourn (corr)"]
[EventRounds "6"]
[SourceTitle "Corr 2008"]
[Source "ChessBase"]
[SourceDate "2008.06.24"]
[SourceVersion "1"]
[SourceVersionDate "2008.06.24"]
[SourceQuality "1"]

1. e4 e5 2. Nf3 Nc6 3. d4 exd4 4. Nxd4 Nf6 5. Nxc6 bxc6 6. e5 Qe7 7. Qe2 Nd5 8. b3 Qe6 9. c4 Nb6 10. g3 Bb4+ 11. Bd2 a5 12. Bg2 0-0 13. Nc3 Re8 14. f4 d5 15. a3 Bf8 16. cxd5 cxd5 0-1

[Event "Oberliga Ost-B 0001"]
[Site "Germany"]
[Date "2000.12.10"]
[Round "4.6"]
[White "Gmeiner, Peter"]
[Black "Taudte, Stefan"]
[Result "0-1"]
[WhiteElo "2210"]
[BlackElo "2089"]
[PlyCount "60"]
[EventDate "2000.10.15"]
[EventType "team"]
[EventRounds "11"]
[EventCountry "GER"]
[SourceTitle "EXT 2002"]
[Source "ChessBase"]
[SourceDate "2001.11.25"]
[SourceVersion "1"]
[SourceVersionDate "2001.11.25"]
[SourceQuality "1"]
[WhiteTeam "Offenbach"]
[BlackTeam "Erfurt Empor II"]
[WhiteTeamCountry "GER"]
[BlackTeamCountry "GER"]

1. e4 e6 2. d4 d5 3. Nc3 Bb4 4. e5 c5 5. a3 cxd4 6. axb4 dxc3 7. Nf3 Qc7 8. Qd3 cxb2 9. Bxb2 Ne7 10. Qd2 Nd7 11. Bd3 Nb6 12. Qf4 Bd7 13. 0-0 Nc4 14. Bd4 b6 15. Rfe1 f5 16. Qg5 Kf7 17. Qh5+ g6 18. Qh6 Rag8 19. Ng5+ Ke8 20. Ra2 Nc8 21. b5 Ke7 22. Bxf5 gxf5 23. Qf6+ Ke8 24. Qf7+ Kd8 25. Rea1 Rg6 26. Nxh7 Be8 27. Rxa7 Bxf7 28. Rxc7 Kxc7 29. Nf6 Be8 30. Ra8 Bxb5 0-1

[Event "Oberliga Ost-B 0001"]
[Site "Germany"]
[Date "2000.11.11"]
[Round "2.5"]
[White "Haakert, Juergen"]
[Black "Gmeiner, Peter"]
[Result "1/2-1/2"]
[WhiteElo "2349"]
[BlackElo "2210"]
[PlyCount "59"]
[EventDate "2000.10.15"]
[EventType "team"]
[EventRounds "11"]
[EventCountry "GER"]
[SourceTitle "EXT 2002"]
[Source "ChessBase"]
[SourceDate "2001.11.25"]
[SourceVersion "1"]
[SourceVersionDate "2001.11.25"]
[SourceQuality "1"]
[WhiteTeam "Oberursel"]
[BlackTeam "Offenbach"]
[WhiteTeamCountry "GER"]
[BlackTeamCountry "GER"]

1. e4 e5 2. Nf3 Nc6 3. Be2 g6 4. 0-0 Bg7 5. c3 Nf6 6. d3 0-0 7. Nbd2 d5 8. b4 a6 9. Re1 b6 10. Bf1 Bb7 11. Bb2 Re8 12. Qb3 Qd7 13. g3 Rad8 14. exd5 Nxd5 15. a3 Qf5 16. Nh4 Qd7 17. Ndf3 f6 18. Rad1 Kh8 19. c4 Nde7 20. d4 exd4 21. Nxd4 Nxd4 22. Rxd4 Qc8 23. Rxd8 Qxd8 24. Rd1 Qc8 25. c5 Rd8 26. Re1 Ng8 27. Bc4 Re8 28. Be6 Qd8 29. Nf3 Qa8 30. Bf7 1/2-1/2

[Event "Oberliga Ost-B 9900"]
[Site "Germany"]
[Date "2000.01.30"]
[Round "7.5"]
[White "Gmeiner, Peter"]
[Black "Pribe, Viktor"]
[Result "0-1"]
[WhiteElo "2227"]
[BlackElo "2082"]
[PlyCount "92"]
[EventDate "1999.10.??"]
[EventType "team"]
[EventRounds "11"]
[EventCountry "GER"]
[SourceTitle "EXT 2002"]
[Source "ChessBase"]
[SourceDate "2001.11.25"]
[SourceVersion "1"]
[SourceVersionDate "2001.11.25"]
[SourceQuality "1"]

1. d4 Nf6 2. Nf3 c5 3. d5 g6 4. Nc3 d6 5. h3 Bg7 6. e4 Nbd7 7. Be2 a6 8. a4 Qa5 9. Bd2 0-0 10. Ra3 Qc7 11. 0-0 b6 12. Re1 Bb7 13. Bf1 Rfb8 14. Bf4 Ne8 15. Qe2 f6 16. Nd2 Qd8 17. Bh2 Nc7 18. h4 b5 19. Nd1 bxa4 20. Rxa4 Bc8 21. h5 g5 22. c3 Nb6 23. Ra2 Bd7 24. Ne3 Rb7 25. Qf3 a5 26. Bd3 a4 27. e5 dxe5 28. d6 Be6 29. dxc7 Rxc7 30. Nec4 Rd7 31. Nxb6 Rxd3 32. Qxa8 Qxa8 33. Nxa8 Bxa2 34. Nf1 Bb3 35. Nc7 Rd7 36. Na6 c4 37. Nc5 Rd5 38. Nxb3 cxb3 39. Ra1 Ra5 40. Nd2 a3 41. bxa3 b2 42. Ra2 Rb5 43. Nb1 f5 44. a4 Rd5 45. g4 Rd1+ 46. Kg2 Rxb1 0-1

[Event "Oberliga Ost-B 9900"]
[Site "Germany"]
[Date "1999.11.06"]
[Round "2.4"]
[White "Gmeiner, Peter"]
[Black "Klings, Peter"]
[Result "1-0"]
[WhiteElo "2227"]
[BlackElo "2223"]
[PlyCount "61"]
[EventDate "1999.10.??"]
[EventType "team"]
[EventRounds "11"]
[EventCountry "GER"]
[SourceTitle "EXT 2002"]
[Source "ChessBase"]
[SourceDate "2001.11.25"]
[SourceVersion "1"]
[SourceVersionDate "2001.11.25"]
[SourceQuality "1"]

1. e4 c5 2. Nf3 g6 3. d4 cxd4 4. Nxd4 Bg7 5. c4 Nc6 6. Be3 Nf6 7. Nc3 0-0 8. Be2 b6 9. 0-0 Bb7 10. f3 Qb8 11. Qd2 Rd8 12. Rac1 d6 13. Ndb5 Rd7 14. Rfd1 Qf8 15. b3 Rad8 16. f4 e6 17. Bf3 Ba8 18. g4 h6 19. Qg2 Ne7 20. h4 d5 21. cxd5 exd5 22. e5 Ne4 23. Nd4 Rc7 24. Nce2 Rdc8 25. Rxc7 Rxc7 26. h5 g5 27. Nf5 Rc2 28. Nxg7 Qxg7 29. Bxe4 dxe4 30. Rd8+ Kh7 31. Rxa8 1-0

[Event "Jacques Lemans op 18th"]
[Site "St Veit"]
[Date "1999.??.??"]
[Round "4.13"]
[White "Genser, Harald"]
[Black "Gmeiner, Peter"]
[Result "0-1"]
[WhiteElo "2160"]
[BlackElo "2230"]
[PlyCount "58"]
[EventDate "1999.07.??"]
[EventType "swiss"]
[EventRounds "9"]
[EventCountry "AUT"]
[SourceTitle "EXT 2004"]
[Source "ChessBase"]
[SourceDate "2003.11.25"]
[SourceVersion "1"]
[SourceVersionDate "2003.11.25"]
[SourceQuality "1"]

1. e4 c5 2. Nf3 Nc6 3. Nc3 g6 4. Bc4 Bg7 5. 0-0 d6 6. h3 e6 7. d3 Nge7 8. Bf4 a6 9. a4 h6 10. Re1 g5 11. Bg3 Ng6 12. Rb1 h5 13. Nd2 Be5 14. Nf1 Qf6 15. Ne3 Bd7 16. Ne2 0-0-0 17. c3 Nf4 18. b4 Nxe2+ 19. Rxe2 Bxg3 20. fxg3 Qxc3 21. bxc5 dxc5 22. Rf2 Ne5 23. Rc1 Qa5 24. d4 Bxa4 25. Qd2 Qxd2 26. Rxd2 Rxd4 27. Bxe6+ Kb8 28. Rxd4 cxd4 29. Nc4 d3 0-1

[Event "Jacques Lemans op 18th"]
[Site "St Veit"]
[Date "1999.??.??"]
[Round "2.18"]
[White "Goldmann, Manfred"]
[Black "Gmeiner, Peter"]
[Result "1/2-1/2"]
[WhiteElo "1933"]
[BlackElo "2230"]
[PlyCount "81"]
[EventDate "1999.07.??"]
[EventType "swiss"]
[EventRounds "9"]
[EventCountry "AUT"]
[SourceTitle "EXT 2004"]
[Source "ChessBase"]
[SourceDate "2003.11.25"]
[SourceVersion "1"]
[SourceVersionDate "2003.11.25"]
[SourceQuality "1"]

1. e4 c5 2. Nc3 Nc6 3. g3 g6 4. Bg2 Bg7 5. d3 d6 6. Nh3 e5 7. 0-0 Nge7 8. Be3 0-0 9. Qc1 Nd4 10. Bh6 b5 11. Bxg7 Kxg7 12. Kh1 b4 13. Nd1 Rb8 14. f4 f6 15. Ne3 a5 16. g4 Bd7 17. f5 g5 18. Qd2 Bc6 19. c4 h6 20. Ng1 h5 21. Nf3 Nxf3 22. Bxf3 hxg4 23. Bxg4 Rh8 24. Rf3 Rh4 25. Rg1 Be8 26. Rgg3 Bh5 27. Bxh5 Rxh5 28. Qg2 Qh8 29. Rh3 Rg8 30. Rxh5 Qxh5 31. Rh3 Qe8 32. Qg4 Rh8 33. Kg2 Rxh3 34. Qxh3 Qa4 35. Qh5 Qxa2 36. Qe8 Qxb2+ 37. Kf3 Ng8 38. Ng4 Qd2 39. Qg6+ Kf8 40. Nxf6 Qxd3+ 41. Kf2 1/2-1/2

[Event "Oberliga Ost-B 9899"]
[Site "Germany"]
[Date "1999.??.??"]
[Round "?"]
[White "Lange, Klaus"]
[Black "Gmeiner, Peter"]
[Result "1/2-1/2"]
[WhiteElo "2225"]
[BlackElo "2230"]
[PlyCount "89"]
[EventDate "1998.10.??"]
[EventType "team"]
[EventRounds "11"]
[EventCountry "GER"]
[SourceTitle "EXT 2000"]
[Source "ChessBase"]
[SourceDate "1999.11.16"]
[SourceVersion "1"]
[SourceVersionDate "1999.11.16"]
[SourceQuality "1"]

1. Nf3 Nf6 2. g3 g6 3. b3 Bg7 4. Bb2 0-0 5. Bg2 c5 6. c4 Nc6 7. 0-0 d6 8. d4 cxd4 9. Nxd4 Bd7 10. e4 Qb6 11. Nxc6 bxc6 12. Bd4 Qa5 13. Bc3 Qc7 14. Qe2 Bg4 15. Qb2 Qc8 16. Nd2 Bh3 17. e5 dxe5 18. Bxe5 Bxg2 19. Kxg2 Rd8 20. Nf3 Qf5 21. Rad1 Rd3 22. Rxd3 Qxd3 23. Qd4 Qxd4 24. Bxd4 a6 25. Bc5 e6 26. Rd1 Ne4 27. Ba3 Nc3 28. Rd7 h6 29. Bb2 a5 30. Rd3 Nxa2 31. Bxg7 Kxg7 32. Rd7 Kf6 33. Nd4 Nb4 34. f4 a4 35. bxa4 Rxa4 36. Nf3 Ra2+ 37. Kg1 g5 38. Ne5 gxf4 39. gxf4 Kf5 40. Rxf7+ Ke4 41. Rf6 Nc2 42. Nxc6 Ne3 43. Rxe6+ Kxf4 44. Rf6+ Kg5 45. Rf3 1/2-1/2

[Event "Oberliga Ost-B 9899"]
[Site "Germany"]
[Date "1999.??.??"]
[Round "?"]
[White "Mueller, Norbert"]
[Black "Gmeiner, Peter"]
[Result "1-0"]
[WhiteElo "2110"]
[BlackElo "2230"]
[PlyCount "67"]
[EventDate "1998.10.??"]
[EventType "team"]
[EventRounds "11"]
[EventCountry "GER"]
[SourceTitle "EXT 2000"]
[Source "ChessBase"]
[SourceDate "1999.11.16"]
[SourceVersion "1"]
[SourceVersionDate "1999.11.16"]
[SourceQuality "1"]

1. g3 Nf6 2. Bg2 g6 3. d3 Bg7 4. e4 d6 5. f4 c5 6. Nf3 Nc6 7. c3 0-0 8. 0-0 Rb8 9. h3 b5 10. Qe2 a5 11. Kh2 a4 12. Nh4 Qc7 13. Be3 Nd7 14. Rc1 Ba6 15. d4 Qb6 16. dxc5 dxc5 17. e5 Na5 18. Nd2 b4 19. c4 Nc6 20. Ne4 Rbd8 21. Qf2 b3 22. Nxc5 Nxc5 23. Bxc5 Qa5 24. Rc3 Nxe5 25. Bb6 Qxc3 26. bxc3 Nd3 27. Qd2 b2 28. Rb1 a3 29. Bxd8 Rxd8 30. Bd5 Nc5 31. Qe3 Na4 32. Qxe7 Rf8 33. Qxa3 Nxc3 34. Rxb2 1-0

[Event "Oberliga Ost B 9798"]
[Site "Germany"]
[Date "1997.??.??"]
[Round "?.2"]
[White "Gasthofer, Viktor"]
[Black "Gmeiner, Peter"]
[Result "1/2-1/2"]
[WhiteElo "2350"]
[BlackElo "2250"]
[PlyCount "86"]
[EventDate "1997.09.??"]
[EventType "team"]
[EventRounds "11"]
[EventCountry "GER"]
[SourceTitle "EXT 1999"]
[Source "ChessBase"]
[SourceDate "1998.11.16"]
[SourceVersion "1"]
[SourceVersionDate "1998.11.16"]
[SourceQuality "1"]

1. c4 Nf6 2. Nc3 g6 3. e4 d6 4. d4 Bg7 5. f3 0-0 6. Be3 b6 7. Qd2 c5 8. Nge2 Nc6 9. Rd1 e5 10. dxc5 dxc5 11. Qxd8 Rxd8 12. Rxd8+ Nxd8 13. Nd5 Nxd5 14. cxd5 Bd7 15. Nc3 Nb7 16. Ba6 Nd6 17. b3 Bf8 18. Ke2 Be7 19. a4 Kf8 20. Kd3 Ke8 21. Ra1 Kd8 22. Nb5 Bxb5+ 23. Bxb5 a5 24. Bc6 Rb8 25. f4 f6 26. fxe5 fxe5 27. Rf1 Kc7 28. Bd2 Rf8 29. Rf3 Rxf3+ 30. gxf3 g5 31. Bc3 Bf6 32. Ke3 Kd8 33. Kf2 Ke7 34. Kg3 h5 35. Bd2 g4 36. Bc3 Kd8 37. Kg2 Ke7 38. Bd2 Kf7 39. Bd7 gxf3+ 40. Kxf3 Kg6 41. Bc3 Bg7 42. Be1 Bf6 43. Bc3 Bg7 1/2-1/2

[Event "Oberliga Ost B 9798"]
[Site "Germany"]
[Date "1997.??.??"]
[Round "?.2"]
[White "Gmeiner, Peter"]
[Black "Duncker, Joachim"]
[Result "0-1"]
[WhiteElo "2250"]
[BlackElo "2265"]
[PlyCount "132"]
[EventDate "1997.09.??"]
[EventType "team"]
[EventRounds "11"]
[EventCountry "GER"]
[SourceTitle "EXT 1999"]
[Source "ChessBase"]
[SourceDate "1998.11.16"]
[SourceVersion "1"]
[SourceVersionDate "1998.11.16"]
[SourceQuality "1"]

1. d4 Nf6 2. Nf3 g6 3. c4 Bg7 4. g3 0-0 5. Bg2 d6 6. 0-0 Nc6 7. Nc3 e5 8. d5 Ne7 9. c5 Ne8 10. cxd6 Nxd6 11. Be3 b6 12. Qa4 Bd7 13. Qb3 Qe8 14. Bd2 Nef5 15. e3 h6 16. Rfc1 Rc8 17. a4 a5 18. Bf1 e4 19. Ne1 Nb7 20. Nb5 Nc5 21. Qc2 Qe5 22. b4 axb4 23. Bxb4 Qxd5 24. Bxc5 bxc5 25. Rd1 Qa8 26. Ra3 Rfd8 27. a5 Bc6 28. a6 Rxd1 29. Qxd1 Rd8 30. Qc2 Bf8 31. Ra5 Nd6 32. Nc3 Qa7 33. Qa2 Ba8 34. Ng2 Qb6 35. Nf4 c4 36. Nfd5 Qb3 37. Qxb3 cxb3 38. Nxc7 b2 39. Nxa8 Rxa8 40. a7 Nc4 41. Bxc4 Bb4 42. Rb5 Bxc3 43. Bd5 Rxa7 44. Bxe4 Ra4 45. Bd3 Ra1+ 46. Kg2 Rd1 47. Bc2 Rc1 48. Bd3 Kg7 49. Kf3 Kf6 50. Ke4 Ke6 51. Rb6+ Kd7 52. Kd5 Kc7 53. Rb5 Rd1 54. Kc4 Bg7 55. Be4 Rc1+ 56. Kd5 f5 57. Bd3 Rd1 58. Kc4 Kc6 59. Rc5+ Kb6 60. Rb5+ Ka6 61. Rb3 Rc1+ 62. Kd5+ Ka5 63. e4 Rd1 64. Kc4 fxe4 65. Bxe4 Rd4+ 66. Kc5 Rxe4 0-1

[Event "Oberliga Ost B 9798"]
[Site "Germany"]
[Date "1997.??.??"]
[Round "?.2"]
[White "Teske, Henrik"]
[Black "Gmeiner, Peter"]
[Result "1-0"]
[WhiteElo "2515"]
[BlackElo "2250"]
[PlyCount "59"]
[EventDate "1997.09.??"]
[EventType "team"]
[EventRounds "11"]
[EventCountry "GER"]
[SourceTitle "EXT 1999"]
[Source "ChessBase"]
[SourceDate "1998.11.16"]
[SourceVersion "1"]
[SourceVersionDate "1998.11.16"]
[SourceQuality "1"]

1. d4 Nf6 2. c4 e6 3. Nf3 Bb4+ 4. Bd2 a5 5. g3 b6 6. Bg2 Bb7 7. 0-0 Bxd2 8. Qxd2 0-0 9. Nc3 Ne4 10. Nxe4 Bxe4 11. Rac1 d6 12. Rfd1 Qe7 13. Qe3 Bb7 14. c5 Bd5 15. cxb6 cxb6 16. Ng5 Bxg2 17. Kxg2 Na6 18. d5 e5 19. Rc6 Nb4 20. Rxb6 Nxa2 21. Ne4 Rfd8 22. Nxd6 Rxd6 23. Qa3 Nb4 24. Rxb4 Qd8 25. Rb5 f5 26. Qc3 e4 27. Ra1 a4 28. Qd4 Qd7 29. Rxa4 Rxa4 30. Qxa4 1-0